| 000 | 00336nam a22001457a 4500 | ||
|---|---|---|---|
| 003 | SGT | ||
| 020 | _a978-93-272-8160-6 | ||
| 082 |
_a631.52 _bSIN |
||
| 100 | _aSINGH, PHUDAN | ||
| 245 | _aBIOMETRICAL TECHNIQUES IN PLANT BREEDING | ||
| 260 |
_aINDIA _bKALYANI _c2025 |
||
| 300 | _a207 | ||
| 650 | _aPLANT BREEDING | ||
| 942 |
_2ddc _cBK |
||
| 999 |
_c31199 _d31199 |
||